| 000 | 00571nam a2200157Ia 4500 | ||
|---|---|---|---|
| 999 |
_c13920 _d13920 |
||
| 082 | _aTT.0021 | ||
| 100 | _aTandon, Chand | ||
| 245 | 0 | _aExperimental study of attitude towards discipline and its relationship with Gandhian concept of democrary among the school-leaving boys and gilrs in U.P. | |
| 260 |
_c1965 _bAligarh Muslim University |
||
| 300 | _a229p. | ||
| 650 | _aHIGH SCHOOL STUDENTS - ATTITUDES - UTTAR PRADESH | ||
| 650 | _aGANDHI, MOHANDAS KARAMCHAND - VIEWS ON DEMOCRACY | ||
| 650 | _aSCHOOL DISCIPLINE | ||
| 710 | _aRay-Chowdhury, K. | ||
| 942 |
_cTH _2ddc |
||